| 000 | 00785nac a22001811u 4500 | ||
|---|---|---|---|
| 008 | 090318t2004 ua|||||r|||| 001 0dara d | ||
| 020 | _a9948006844 | ||
| 082 |
_a327 _bر ح م |
||
| 100 |
_aعبد الرحمن، محمد يعقوب _917651 |
||
| 245 |
_aالتدخل الإنساني فى العلاقات الدولية/ _cمحمد بعقوب عبد الرحمن |
||
| 260 |
_aأبو ظبي : _b،مركز الإمارات للدراسات والبحوث الأستراتيجية _c2004 |
||
| 300 |
_a324ص: _bأيض؛ _c24 سم. |
||
| 504 | _aيحتوي على إرجاعات ببليوجرافية ص 257-320 | ||
| 511 | _aCatalogued by: Sara | ||
| 650 |
_aالعلاقات الخارجية _922264 |
||
| 650 |
_aالتعاون الدولي _915471 |
||
| 942 |
_cBB _k327ر ح م _2ddc |
||
| 999 |
_c7867 _d7867 |
||